|
|
|
|
| LEADER |
00000cam a2200000 7i4500 |
| 001 |
0000060095 |
| 005 |
20160225.0 |
| 008 |
160225 |
| 020 |
|
|
|a 9679485005
|
| 090 |
0 |
0 |
|a 305.89923059522
|b JAS
|
| 100 |
1 |
|
|a Jasman Ahmad
|
| 245 |
1 |
1 |
|a Masyarakat iban
|c Jasman Ahmad;Rosnah Ramli
|
| 260 |
|
|
|a Melaka :
|b Associated educational distributors (m) sdn.bhd. ,
|c 1997
|
| 490 |
1 |
|
|a Siri kebudayaan masyarakat Malaysia
|
| 650 |
|
0 |
|a Ethnology--Sarawak
|
| 650 |
|
0 |
|a Iban (Borneo people)--Sarawak
|
| 650 |
|
0 |
|a Iban (Borneo people)--Sarawak--social life and customs
|
| 999 |
|
|
|a 0000797326
|b Book
|c Adult Collection
|e Cawangan Pontian
|
| 999 |
|
|
|a 0000818143
|b Book
|c Adult Collection
|e Cawangan Bandar Penawar
|
| 999 |
|
|
|a 0000818716
|b Book
|c Adult Collection
|e Cawangan Mersing
|